| 000 | 00908cam a22002533a 4500 | ||
|---|---|---|---|
| 001 | 37338 | ||
| 003 | PGUSA | ||
| 005 | 20140828083822.0 | ||
| 008 | 110908s2011||||xxu|||||s|||||000 | eng d | ||
| 040 |
_aPGUSA _beng |
||
| 042 | _adc | ||
| 050 | 4 | _aPR | |
| 100 | 1 |
_aHornung, E. W. _q(Ernest William), _d1866-1921 |
|
| 245 | 1 | 4 |
_aThe Crime Doctor _h[electronic resource] / _cE. W. Hornung |
| 260 |
_bProject Gutenberg, _c2011 |
||
| 505 | 0 | _aThe physician who healed himself -- The life-preserver -- A hopeless case -- The golden key -- A schoolmaster abroad -- One possessed -- The doctor's assistant -- The second murderer. | |
| 506 | _aPublic domain in the USA. | ||
| 516 | _aElectronic text | ||
| 653 | _aDetective and mystery stories, English | ||
| 700 | 1 |
_aSteele, Frederic Dorr, _d1873-1944 |
|
| 830 | 0 |
_aProject Gutenberg _v37338 |
|
| 856 | 4 | 0 | _uhttp://www.gutenberg.org/ebooks/37338 |
| 942 | _cEB | ||
| 999 |
_c266592 _d266592 |
||